Countries by Countries - Statistics

General Stats
  • This quiz has been taken 63,806 times
  • The average score is 10 of 20
Answer Stats
Trait Countries Country % Correct
NAFTA members Canada, United States Mexico
97%
Nordic countries Denmark, Finland, Iceland, Sweden Norway
97%
African Mediterranean countries Algeria, Tunisia, Morocco, Egypt Libya
89%
Upper Antilles Cuba, Dominican Republic, Jamaica Haiti
88%
Enclaves Vatican City, Lesotho San Marino
81%
Horn of Africa Ethiopia, Somalia, Djibouti Eritrea
73%
Baltic States Estonia, Latvia Lithuania
73%
Starting with V Vanuatu, Vatican City, Venezuela Vietnam
72%
Axis Powers Germany, Japan Italy
69%
Communist Vietnam, Laos, Cuba China
39%
Speaks Russian Russia, Kyrgyzstan, Belarus Kazakhstan
37%
European island nations United Kingdom, Ireland, Iceland Malta
32%
Ends in "sia" Malaysia, Micronesia, Tunisia, Russia Indonesia
26%
Capitals is Country name plus "City" Guatemala, Mexico, Kuwait Panama
25%
Borders Kenya Ethiopia, Uganda, Tanzania, South Sudan Somalia
22%
Border Caspian Sea Kazakhstan, Turkmenistan, Russia, Iran Azerbaijan
19%
More than 25% Hindu Bhutan, Fiji, Mauritius, India Nepal
18%
One syllable name France, Chad, Laos, Greece Spain
13%
German colonies in Africa Togo, Cameroon, Tanzania Namibia
9%
Capital starts with H Solomon Islands, Vietnam, Cuba, Zimbabwe Finland
4%
No matching quizzes found
Score Distribution
Percent of People with Each Score
Percentile by Number Answered
Your Score History
You have not taken this quiz